|
|
|
|
| LEADER |
00000nas a2200000 i 4500 |
| 001 |
ssj0001989486 |
| 003 |
WaSeSS |
| 005 |
20200512172242.0 |
| 006 |
m d |
| 007 |
cr n |
| 008 |
170216c20129999enkfr p s 0 a0eng |
| 010 |
|
|
|a 2017200083
|
| 022 |
|
|
|a 2476-1036
|y 2476-1028
|
| 035 |
|
|
|a (WaSeSS)ssj0001989486
|
| 040 |
|
|
|a DLC
|b eng
|e pn
|c DLC
|d DLC
|d CUS
|d OCLCF
|d VT2
|d DLC
|d WaSeSS
|
| 042 |
|
|
|a pcc
|a nsdp
|
| 050 |
0 |
0 |
|a DS501
|
| 222 |
|
0 |
|a Journal of contemporary East Asia studies
|b (Online)
|
| 245 |
0 |
0 |
|a Journal of contemporary East Asia studies
|h [electronic resource].
|
| 260 |
|
|
|a Abingdon, U.K. :
|b Routlege,
|c 2012-
|
| 310 |
|
|
|a Semiannual
|
| 362 |
1 |
|
|a Began with: Volume 1, issue 1 (2012)
|
| 500 |
|
|
|a Official academic journal of the Waseda Institute of Contemporary Chinese Studies (WICCS)".
|
| 506 |
|
|
|a License restrictions may limit access.
|
| 588 |
|
|
|a Description based on: Volume 1, issue 1 (2012) ; title from banner (Taylor & Francis website, viewed on September 13, 2017).
|
| 588 |
|
|
|a Latest issue consulted: Volume 8, issue 2 (2019) (viewed on May 7, 2020).
|
| 650 |
|
7 |
|a Politics and government.
|2 fast
|0 (OCoLC)fst01919741
|
| 651 |
|
0 |
|a East Asia
|v Periodicals.
|
| 651 |
|
0 |
|a East Asia
|x Politics and government
|v Periodicals.
|
| 651 |
|
7 |
|a East Asia.
|2 fast
|0 (OCoLC)fst01243628
|
| 655 |
|
0 |
|a Electronic journals.
|
| 710 |
2 |
|
|a Waseda Daigaku.
|b Gendai Chūgoku Kenkyūjo.
|
| 776 |
0 |
8 |
|i Print version:
|t Journal of contemporary East Asia studies
|x 2476-1028
|w (DLC) 2017200084
|w (OCoLC)972736680
|
| 780 |
0 |
0 |
|t Journal of contemporary china studies
|
| 850 |
|
|
|a DLC
|
| 856 |
4 |
0 |
|z Full text available from Research Library: 12/01/2017 to 12/31/2017
|u https://search.proquest.com/publication/3934967
|